000 00821nab a2200253 u 4500
001 07896
003 HDC
007 cr bn ---aaaaa
008 210129c mydr|nes 0 a may d
040 _aHDC
100 _aAmir Hisham Rasid
_eauthor
_98433
245 0 _aBranding for local SMEs /
_cby Amir Hisham Rasid
260 _aKuala Lumpur :
_bNEW STRAITS TIMES,
_c2015
300 _aB6 page
336 _atext
_2rdacontent
337 _acomputer
_2rdamedia
338 _aonline resource
_2rdacarrier
650 _aBranding products
_98434
650 _aBusiness industry
_96119
856 _zRequest full-text at [email protected]
942 _2lcc
942 _cNEWS
942 _kNWSC 001236
999 _c5219
_d5219